000 00808nam a2200229 i 4500
001 169185
003 ES-MaACL
005 20250812062540.0
008 080821s1958 sp f |||| | spa d
080 _a72
100 1 _aManzano Monís, Manuel.
_9138249
245 1 3 _aLa arquitectura como arte y como ciencia /
_cManuel Manzano Monís.
260 _aMadrid :
_bAteneo,
_c1958.
300 _a36 p. :
_b1 lám. ;
_c19 cm.
490 1 _aColección "O crece o muere" ;
_v125
500 _aEste trabajo fue dado a conocer por su autor en el Ateneo de Madrid el día 23 de abril de 1958.
610 2 7 _aAteneo de Madrid-
_vConferencias-
_y1940-1982.
_91908
650 0 4 _aArquitectura
_99986
830 0 0 _aColección "O crece o muere"
_v125
_9183476
852 _aES-MaACL
_j2242-F-19
999 _c169185
_d169185